| 000 | 01202nam0a22002531 4500 | ||
|---|---|---|---|
| 001 | rc\2800999 | ||
| 005 | 20230926161952.0 | ||
| 035 | _a(NLR Aleph) 006927014 | ||
| 090 |
_a7507564 _c7507564 |
||
| 100 | _a20110915d1936 |||y0rusy50 ca | ||
| 101 | 0 | _arus | |
| 102 | _aRU | ||
| 105 | _ay z ||||| | ||
| 200 | 1 |
_aРасчеты с рабочими и служащими в связи с призывом на военную службу и привлечением к сборам _fИ. И. Зандберг |
|
| 210 |
_a[Москва] _cПолиграфтехникум _d[1936] |
||
| 215 |
_a19 с., 1 с. объявл. _d20х15 см. |
||
| 225 | 1 |
_aМатериалы и статьи по учету и отчетности. (п. 3 программы) _fЦУНХУ Госплана СССР. Гос. Всес. объединение "Союзоргучет". Контора "Оргучет". Консультационно-информ. бюро _vДекабрь 1935 г., вып. № 44 |
|
| 700 | 1 |
_aЗандберг _bИ. И. _gИосиф Исаакович |
|
| 801 | 0 |
_aRU _bNLR _gpsbo |
|
| 801 | 1 |
_aRU _bELAR _2rusmarc |
|
| 852 |
_aNLR _j34-17/216-89 |
||
| 942 | _cBOOK | ||
| 980 | _aNB | ||